[Event "Belgrade Trophy 31st"]
[Site "Belgrade"]
[Date "2017.11.24"]
[Round "1"]
[White "Rajkovic, Mladen"]
[Black "Ilic, Slobodan S"]
[Result "1-0"]
[WhiteElo "2359"]
[BlackElo "1997"]
[PlyCount "107"]
[EventDate "2017.11.24"]
[EventType "swiss"]
[EventRounds "9"]
[EventCountry "SRB"]
[SourceTitle "CBM 181 Extra"]
[Source "ChessBase"]
[SourceDate "2017.12.12"]
[SourceVersion "1"]
[SourceVersionDate "2017.12.12"]
[SourceQuality "1"]

1. e4 c5 2. Nf3 e6 3. c4 Nc6 4. Nc3 d6 5. d4 cxd4 6. Nxd4 Nf6 7. Be3 Be7 8. Be2 0-0 9. 0-0 a6 10. Rc1 Re8 11. a3 Nxd4 12. Qxd4 Qa5 13. Rfd1 Bd7 14. Rc2 Rac8 15. b4 Qc7 16. f3 h6 17. Kh1 Red8 18. Bf1 Be8 19. Rcc1 Nd7 20. Qd2 Bf8 21. Bf4 Ne5 22. Nb1 Qe7 23. Qb2 Ng6 24. Bg3 Qg5 25. Qf2 Ba4 26. Rd2 Rd7 27. f4 Qd8 28. f5 exf5 29. exf5 Ne5 30. c5 Ng4 31. Qf4 Nf6 32. Bf2 Bc6 33. Rcd1 Ba4 34. Rc1 Bc6 35. Rd4 dxc5 36. bxc5 Be7 37. Rxd7 Bxd7 38. Nd2 Qf8 39. Nb3 Bc6 40. Na5 Ne4 41. Bh4 Nf6 42. Qb4 Nd5 43. Nxc6 Bxh4 44. Qxb7 Rc7 45. Qxa6 Bg5 46. Re1 Ne3 47. Bd3 Qxc5 48. Qa8+ Kh7 49. f6+ g6 50. Ne7 Rxe7 51. fxe7 Qc3 52. Qg8+ Kxg8 53. e8Q+ Kg7 54. Rxe3 1-0

[Event "Heraklion op 16th"]
[Site "Heraklion"]
[Date "2016.01.08"]
[Round "7"]
[White "Ilic, Slobodan S"]
[Black "Konstantinomanolakis, Stavros"]
[Result "1-0"]
[WhiteElo "2010"]
[BlackElo "1567"]
[PlyCount "71"]
[EventDate "2016.01.03"]
[EventType "swiss"]
[EventRounds "9"]
[EventCountry "GRE"]
[SourceTitle "EXT 2024"]
[Source "ChessBase"]
[SourceDate "2023.10.10"]
[SourceVersion "1"]
[SourceVersionDate "2023.10.10"]
[SourceQuality "1"]

1. e4 Nf6 2. e5 Nd5 3. d4 d6 4. c4 Nb6 5. exd6 cxd6 6. Bd3 Nc6 7. Ne2 g6 8. Be3 Bg7 9. Nd2 0-0 10. 0-0 Bg4 11. f3 Bd7 12. Rc1 Rc8 13. Re1 Nb4 14. Bb1 Nc6 15. Bd3 Nb4 16. Bb1 e5 17. b3 f5 18. Nf1 f4 19. Bf2 Qg5 20. Kh1 Bf5 21. a3 Nc6 22. d5 Ne7 23. Nc3 Bxb1 24. Rxb1 Nf5 25. Ne4 Qe7 26. Rc1 Nd7 27. b4 b6 28. Re2 Nf6 29. Ng5 Nxd5 30. Qxd5+ Kh8 31. Ne6 h5 32. Nxf8 Bxf8 33. c5 h4 34. cxd6 Rxc1 35. dxe7 Ng3+ 36. hxg3 1-0

[Event "BIH-chT Seniors"]
[Site "Mosko"]
[Date "2015.08.13"]
[Round "4"]
[White "Ilic, Slobodan S"]
[Black "Bakic, Dragan1111"]
[Result "1-0"]
[WhiteElo "2193"]
[BlackElo "1950"]
[PlyCount "83"]
[EventDate "2015.08.10"]
[EventType "team-tourn"]
[EventRounds "9"]
[EventCountry "BIH"]
[SourceTitle "EXT 2016"]
[Source "ChessBase"]
[SourceDate "2015.10.08"]
[SourceVersion "1"]
[SourceVersionDate "2015.10.08"]
[SourceQuality "1"]

1. Nf3 d6 2. g3 e5 3. d3 g6 4. Bg2 Bg7 5. 0-0 c6 6. c4 h6 7. Nc3 Nd7 8. Bd2 Ngf6 9. Qc1 Qe7 10. Ne1 Nf8 11. Rb1 h5 12. h3 Bf5 13. e4 Be6 14. f4 Qd7 15. Kh2 h4 16. g4 exf4 17. Bxf4 N8h7 18. Nf3 0-0-0 19. Ne2 Ne8 20. d4 f5 21. d5 Bf7 22. exf5 gxf5 23. dxc6 bxc6 24. gxf5 Qxf5 25. Nfd4 Qd3 26. Rd1 Qg6 27. Nxc6 Rd7 28. Qe3 Rg8 29. Rg1 Bf6 30. Nxa7+ Kd8 31. Nc6+ Kc8 32. Qb6 Rc7 33. c5 Qd3 34. cxd6 Nxd6 35. Rbc1 Bc4 36. Nb4 Qxe2 37. Qxd6 Rgg7 38. Nd5 Rgd7 39. Nb6+ Kd8 40. Nxd7 Rxd7 41. Qb8+ Ke7 42. Rge1 1-0

[Event "SRB-ch Central"]
[Site "Kragujevac"]
[Date "2015.03.14"]
[Round "8"]
[White "Irizanin, Radoje"]
[Black "Ilic, Slobodan S"]
[Result "1-0"]
[WhiteElo "2295"]
[BlackElo "1956"]
[PlyCount "111"]
[EventDate "2015.03.09"]
[EventType "swiss"]
[EventRounds "9"]
[EventCountry "SRB"]
[SourceTitle "CBM 165 Extra"]
[Source "ChessBase"]
[SourceDate "2015.04.21"]
[SourceVersion "1"]
[SourceVersionDate "2015.04.21"]
[SourceQuality "1"]

1. d4 Nf6 2. Nf3 e6 3. Bf4 b6 4. e3 Bb7 5. Nbd2 Be7 6. h3 d6 7. Bd3 Nbd7 8. 0-0 0-0 9. Bh2 a6 10. e4 Qc8 11. Re1 h6 12. Qe2 Rd8 13. Rad1 b5 14. c3 Nf8 15. e5 dxe5 16. dxe5 N6d7 17. Bb1 Nc5 18. Nd4 b4 19. cxb4 Rxd4 20. bxc5 Bxc5 21. Ne4 Rxd1 22. Rxd1 Bxe4 23. Bxe4 Rb8 24. Bf4 Qe8 25. Bc1 a5 26. Rd3 Rd8 27. Rg3 Ng6 28. h4 Kh8 29. Bc2 Bd4 30. Qe4 Rd5 31. Bf4 Bxb2 32. Be3 Rxe5 33. Qg4 h5 34. Qe2 Bd4 35. Rg5 Kg8 36. Rxe5 Bxe5 37. Qxh5 Bd6 38. Bxg6 fxg6 39. Qxa5 Qc6 40. Qd2 Qa4 41. g3 Qe4 42. Qc1 Kf7 43. Bf4 e5 44. Be3 Qa4 45. Qb1 Qc4 46. Qb3 Qxb3 47. axb3 Ke6 48. Kg2 Kd5 49. Kf3 e4+ 50. Kg4 c5 51. Kg5 c4 52. bxc4+ Kxc4 53. Kxg6 Be5 54. g4 Kd3 55. h5 Bc3 56. g5 1-0

[Event "Golden Sands Europe op 3rd"]
[Site "Golden Sands"]
[Date "2014.06.11"]
[Round "2"]
[White "Firman, Nazar"]
[Black "Ilic, Slobodan S"]
[Result "1-0"]
[WhiteElo "2485"]
[BlackElo "2013"]
[PlyCount "69"]
[EventDate "2014.06.10"]
[EventType "swiss"]
[EventRounds "9"]
[EventCountry "BUL"]
[SourceTitle "CBM 160 Extra"]
[Source "ChessBase"]
[SourceDate "2014.07.01"]
[SourceVersion "1"]
[SourceVersionDate "2014.07.01"]
[SourceQuality "1"]

1. e4 c5 2. Nf3 e6 3. d4 cxd4 4. Nxd4 Nf6 5. Nc3 d6 6. Be3 Nc6 7. Qd2 a6 8. 0-0-0 Qc7 9. f3 Na5 10. Nb3 Nxb3+ 11. axb3 b5 12. Kb1 Bd7 13. g4 Bc6 14. g5 Nd7 15. h4 Qb7 16. Bg2 Be7 17. Nd5 exd5 18. exd5 Bxd5 19. Qxd5 Qxd5 20. Rxd5 0-0 21. f4 Rfd8 22. Rd3 Rab8 23. b4 Nb6 24. Bxb6 Rxb6 25. Bd5 Rf8 26. h5 Kh8 27. h6 Rbb8 28. hxg7+ Kxg7 29. Rg3 Rh8 30. f5 Kf8 31. f6 Bd8 32. Rgh3 Kg8 33. Re3 Bb6 34. Re7 Rf8 35. Rhe1 1-0

[Event "Skopje Karposh op"]
[Site "Skopje"]
[Date "2014.03.30"]
[Round "2"]
[White "Ilic, Slobodan S"]
[Black "Nikolov, Kole"]
[Result "1-0"]
[WhiteElo "2055"]
[BlackElo "1718"]
[PlyCount "57"]
[EventDate "2014.03.29"]
[EventType "swiss"]
[EventRounds "9"]
[EventCountry "MKD"]
[SourceTitle "CBM 159 Extra"]
[Source "ChessBase"]
[SourceDate "2014.04.24"]
[SourceVersion "1"]
[SourceVersionDate "2014.04.24"]
[SourceQuality "1"]

1. c4 d5 2. cxd5 Qxd5 3. Nc3 Qa5 4. g3 c6 5. Bg2 Nf6 6. d4 g6 7. e4 Bg7 8. Nge2 0-0 9. 0-0 Na6 10. h3 e6 11. Be3 b5 12. a3 Bb7 13. Qc2 Rac8 14. b4 Qd8 15. Rfd1 Nb8 16. Nc1 Nbd7 17. Nd3 Qe7 18. Qb3 Rfe8 19. Ra2 Nb6 20. Nc5 Nc4 21. Bg5 h6 22. Bxf6 Bxf6 23. e5 Bg7 24. Nxb5 cxb5 25. Nxb7 Rc7 26. Nc5 Nb6 27. Bf1 Rd8 28. Bxb5 Kh7 29. Bf1 1-0

[Event "Plovdiv Tringov Memorial 36th"]
[Site "Plovdiv"]
[Date "2014.02.03"]
[Round "2"]
[White "Ilic, Slobodan S"]
[Black "Pantev, Veselin"]
[Result "0-1"]
[WhiteElo "2073"]
[BlackElo "2415"]
[PlyCount "78"]
[EventDate "2014.02.02"]
[EventType "swiss"]
[EventRounds "9"]
[EventCountry "BUL"]
[SourceTitle "CBM 158 Extra"]
[Source "ChessBase"]
[SourceDate "2014.02.28"]
[SourceVersion "1"]
[SourceVersionDate "2014.02.28"]
[SourceQuality "1"]

1. c4 c6 2. Nf3 d5 3. b3 Bf5 4. g3 e6 5. Bg2 Nf6 6. Bb2 h6 7. 0-0 Be7 8. d3 0-0 9. Nbd2 a5 10. a3 Qb6 11. Qc2 Rd8 12. h3 c5 13. e4 dxe4 14. dxe4 Bh7 15. Rfe1 Nc6 16. Bc3 Rd7 17. Ne5 Rdd8 18. Nxc6 Qxc6 19. Qb2 Qb6 20. a4 Rd7 21. Re3 Rad8 22. Rae1 Ne8 23. Nb1 Bf6 24. e5 Be7 25. Na3 Nc7 26. Nb5 Nxb5 27. axb5 Qc7 28. Qe2 b6 29. Bc6 Rd3 30. Rxd3 Rxd3 31. Qb2 Qd8 32. Bg2 Bf5 33. Qa1 Bg5 34. Bf1 Rd7 35. f4 Bxf4 36. gxf4 Qh4 37. Qb2 Qg3+ 38. Kh1 Bxh3 39. Qc1 Rd3 0-1

[Event "BIH-chT Cup"]
[Site "Banja Vrucica"]
[Date "2013.08.12"]
[Round "3"]
[White "Ilic, Slobodan S"]
[Black "Milosevic, Goran"]
[Result "1/2-1/2"]
[WhiteElo "2212"]
[BlackElo "2342"]
[PlyCount "80"]
[EventDate "2013.08.10"]
[EventType "team-tourn"]
[EventRounds "9"]
[EventCountry "BIH"]
[SourceTitle "CBM 155 Extra"]
[Source "ChessBase"]
[SourceDate "2013.08.26"]
[SourceVersion "1"]
[SourceVersionDate "2013.08.26"]
[SourceQuality "1"]

1. Nf3 c5 2. c4 Nf6 3. Nc3 e6 4. d3 Nc6 5. g3 Be7 6. Bg2 0-0 7. 0-0 d6 8. d4 cxd4 9. Nxd4 Bd7 10. e3 a6 11. b3 Rc8 12. Bb2 Qc7 13. Rc1 Qb8 14. Qe2 Rfd8 15. Rfd1 Be8 16. Ne4 Nxe4 17. Bxe4 g6 18. Bg2 Nxd4 19. exd4 Bf6 20. Qf3 Bg5 21. Rb1 b5 22. h4 Be7 23. d5 e5 24. Bh3 f5 25. g4 Bd7 26. gxf5 Rf8 27. cxb5 Bxf5 28. Rbc1 Rxc1 29. Rxc1 axb5 30. Qg3 Bxh3 31. Qxh3 Qa7 32. Rc2 Rf5 33. Kg2 b4 34. Qg4 Qa5 35. Qc4 Kf7 36. Bc1 Bxh4 37. Be3 Be7 38. Bd2 Qb6 39. Be3 Qa5 40. Bd2 Qb6 1/2-1/2

[Event "BIH-chT Cup"]
[Site "Banja Vrucica"]
[Date "2013.08.11"]
[Round "2"]
[White "Kokanovic, Dragan"]
[Black "Ilic, Slobodan S"]
[Result "1-0"]
[WhiteElo "2175"]
[BlackElo "2212"]
[PlyCount "63"]
[EventDate "2013.08.10"]
[EventType "team-tourn"]
[EventRounds "9"]
[EventCountry "BIH"]
[SourceTitle "CBM 155 Extra"]
[Source "ChessBase"]
[SourceDate "2013.08.26"]
[SourceVersion "1"]
[SourceVersionDate "2013.08.26"]
[SourceQuality "1"]

1. d4 Nf6 2. Bf4 d6 3. e3 g6 4. Bd3 Bg7 5. Nf3 0-0 6. 0-0 Nh5 7. Bg5 Nd7 8. Re1 c5 9. c3 Nhf6 10. Nbd2 Qb6 11. Nc4 Qc7 12. e4 b5 13. Na3 c4 14. Bb1 a6 15. e5 Nd5 16. Be4 N7b6 17. Qd2 Bb7 18. Nc2 dxe5 19. dxe5 Rad8 20. Ncd4 Bc8 21. Rad1 Rfe8 22. Bc2 f6 23. Bh6 Bh8 24. e6 Bg7 25. Re4 Bh8 26. Rh4 Rd6 27. Re1 f5 28. Bxf5 Nf6 29. Qg5 Rd5 30. Bxg6 Bxe6 31. Bxh7+ Kxh7 32. Bf8+ 1-0

[Event "Varna op 7th"]
[Site "Varna"]
[Date "2013.06.20"]
[Round "2"]
[White "Janev, Evgeni"]
[Black "Ilic, Slobodan S"]
[Result "1-0"]
[WhiteElo "2444"]
[BlackElo "2135"]
[PlyCount "73"]
[EventDate "2013.06.19"]
[EventType "swiss"]
[EventRounds "9"]
[EventCountry "BUL"]
[SourceTitle "CBM 155 Extra"]
[Source "ChessBase"]
[SourceDate "2013.08.26"]
[SourceVersion "1"]
[SourceVersionDate "2013.08.26"]
[SourceQuality "1"]

1. e4 c5 2. c3 Nf6 3. e5 Nd5 4. Nf3 e6 5. d4 cxd4 6. cxd4 d6 7. a3 Bd7 8. Bd3 Bc6 9. 0-0 Nd7 10. Re1 dxe5 11. dxe5 Qc7 12. b4 a6 13. Bb2 Nf4 14. Be4 Rc8 15. Nbd2 Nb6 16. g3 Ba4 17. Qb1 Nfd5 18. Rc1 Qd7 19. Rxc8+ Qxc8 20. Bxh7 Nc4 21. Be4 Nxd2 22. Nxd2 Be7 23. Qd3 Qd7 24. Nc4 Bb5 25. Rc1 0-0 26. Qf3 g6 27. Na5 Bg5 28. Rd1 Ba4 29. Ra1 Be7 30. Nb3 Rc8 31. Nd4 Rc7 32. h4 Bf8 33. h5 Bc6 34. Nxc6 bxc6 35. hxg6 fxg6 36. Bxg6 Qg7 37. Qg4 1-0

[Event "Golden Sands Europe op 2nd"]
[Site "Golden Sands"]
[Date "2013.06.14"]
[Round "5"]
[White "Ilic, Slobodan S"]
[Black "Dimitrov, Atanas Valtchev"]
[Result "0-1"]
[WhiteElo "2135"]
[BlackElo "2349"]
[PlyCount "54"]
[EventDate "2013.06.10"]
[EventType "swiss"]
[EventRounds "9"]
[EventCountry "BUL"]
[SourceTitle "CBM 154 Extra"]
[Source "ChessBase"]
[SourceDate "2013.06.25"]
[SourceVersion "2"]
[SourceVersionDate "2013.06.25"]
[SourceQuality "1"]

1. c4 c6 2. Nf3 Nf6 3. g3 d5 4. b3 Bg4 5. Bg2 Nbd7 6. Ba3 Bxf3 7. Bxf3 Ne5 8. d4 Nxf3+ 9. exf3 Qd7 10. 0-0 0-0-0 11. Nc3 h5 12. Rc1 h4 13. g4 h3 14. Qe2 e6 15. Bxf8 Rhxf8 16. c5 Qc7 17. b4 Rfe8 18. b5 e5 19. b6 axb6 20. cxb6 Qxb6 21. dxe5 d4 22. Na4 Qc7 23. f4 Nd5 24. Qe4 g5 25. Qf5+ Kb8 26. Qxg5 f6 27. Rfe1 fxg5 0-1

[Event "Nis Svetosavski op 3rd"]
[Site "Nis"]
[Date "2013.03.03"]
[Round "3"]
[White "Stojadinovic, Tomislav"]
[Black "Ilic, Slobodan S"]
[Result "0-1"]
[WhiteElo "1836"]
[BlackElo "2109"]
[PlyCount "78"]
[EventDate "2013.03.02"]
[EventType "swiss"]
[EventRounds "5"]
[EventCountry "SRB"]
[SourceTitle "CBM 153 Extra"]
[Source "ChessBase"]
[SourceDate "2013.04.22"]
[SourceVersion "1"]
[SourceVersionDate "2013.04.22"]
[SourceQuality "1"]

1. e4 c5 2. Nf3 e6 3. d4 cxd4 4. Nxd4 Nf6 5. Bd3 d6 6. c4 Be7 7. Nc3 0-0 8. 0-0 a6 9. a4 b6 10. Re1 Bb7 11. f4 Re8 12. Nc2 Qc7 13. Be3 Nbd7 14. b4 Nf8 15. Rc1 N6d7 16. Bf2 Rac8 17. Ne3 Qb8 18. Qb3 Qa8 19. g4 a5 20. Nc2 Ng6 21. Bg3 axb4 22. Nxb4 Nc5 23. Qa2 Qa5 24. Qb1 Nxd3 25. Nxd3 Rxc4 26. Qb5 Rec8 27. f5 Nf8 28. Qxa5 bxa5 29. Na2 Rxa4 30. Rxc8 Bxc8 31. Ndc1 Rc4 32. Kf2 Bb7 33. Kf3 g6 34. h4 gxf5 35. gxf5 exf5 36. Rf1 Rxe4 37. Kf2 Rg4 38. Ne2 d5 39. Rb1 Bc5+ 0-1